LEADER 01031nam a2200253 4500 001 000000345958 003 CaOOAMICUS 005 20210513110420.0 008 210512s2014 it 000 u ita r 020 $a978-88-454-2570-7 040 $aSeMil$bita 100 1 $aMiriano, Costanza,$d<1970- >.$0(OLS)http://semarc/name/113834 245 10$aSposala e muori per lei :$buomini veri per donne senza paura /$cCostanza Miriano. 250 $a3. ed. 264 1$aVenezia :$bSonzogno,$c2014. 300 $a206 p. ;$c22 cm 650 4$aMascolinità.$0(OLS)http://semarc/subject/48463 850 $aSeMil 852 $aSeMil$W1$xVenegono$y1$m2E II 534$j226322$B236996$CSeMilBibl$Z2$F236996 $81 961 $aBrambilla don Paolo - Omaggio 996 $6020$a978-88-454-2570-7$9(OLS)http://semarc/number/293185 996 $6245$aSposala e muori per lei :$buomini veri per donne senza paura$9(OLS)http://semarc/title/435134 996 $6264$aVenezia :$bSonzogno$9(OLS)http://semarc/publisher/59790 LEADER 00976nam a2200193 i 4500 001 000000215255 003 CaOOAMICUS 005 20120816000000.0 008 120816s1821 it u000 u mul u 013 $a194127 026 $ah.l. ela- eti- Lede (3) 1821 (R) 040 $aSeMil$bita 245 10$aTomo 20. 300 $aXIX, [1], 333, [3] p., [1] carta di tav. :$britr. 500 $aSegn. : a-b4 c2 A-2T4. - Ritratto di S. Alessandro Sauli disegnato da Alessandro Scarozza ed inciso da Alessandro Mocchetti su disegno di Guido Reni. 773 0 $aGerdil, Giacinto Sigismondo <1718-1802>$tOpere edite ed inedite del cardinale Giacinto Sigismondo Gerdil ... dedicate alla Santità di N. S. Pio 7. p. m. Tomo 1. [-20.].$dIn Roma : Dalle stampe di Vincenzo Poggioli, in via dell'Anima n. 10, 1806-1821.$g20$w()27233 850 $aSeMil 852 $aSeMil$W1$xVenegono$y1$m2B V 20 FA$j165676$B165676$CSeMilBibl$Z2$F176635 $8I 996 $6245$aTomo 20$9(OLS)http://semarc/title/298346